| 000 | 00622nam a2200229Ia 4500 | ||
|---|---|---|---|
| 003 | OSt | ||
| 005 | 20220928115740.0 | ||
| 006 | a|||||r|||| 00| 0 | ||
| 007 | ta | ||
| 008 | 220927b |||||||| |||| 00| 0 eng d | ||
| 024 | _a36644 | ||
| 037 | _cTextual | ||
| 040 |
_aSDCL _cSDCL _beng |
||
| 041 |
_2eng _aeng |
||
| 082 | _aX9(J):6.2'N8, M5 | ||
| 100 |
_aJha Nand Kishore _9445912 |
||
| 245 | 0 | _aBank finance & green revolution in India | |
| 260 |
_aDelhi _bAmar Prakashan _c1985 |
||
| 300 |
_axi,358p _ccm. |
||
| 942 |
_hX9(J):6.2'N8, M5 _cTEXL _2CC |
||
| 999 |
_c760776 _d760776 |
||